00535nam a2200145Ia 4500008004100000024003400041082001800075100003500093245005100128260002500179600002100204650003800225952010900263999001700372250506s9999 xx 000 0 und d a03A-BCS-002 & 03A-BCS-008 a006.37072 AAL aAaliya Saleem & Sobia Siddiqui 0aIMAGZ : A content Based Image Retrieval System aKarachi:bUIT,c2003 aComputer Science aBachelor of Computer Science (BS) 001040708PR-CSaUITUbUITUd2022-07-26l0o006.37072 AALpBS-178r2025-05-06 11:33:59w2025-05-06yPR c27401d27401